000 00917nam a22002417a 4500
999 _c16856
_d16856
003 AR-CdUCM
008 190506b ||||| |||| 00| 0 spa d
040 _aMUNICIPALIDAD PROVINCIAL DEL CUSCO
_cBIBLIOTECA MUNICIPAL DEL CUSCO
082 _a910 /
_bP43
100 _aPerés, Ramón D.
_936557
245 _aGeografía pintoresca :
_bbasada en la obra inglesa "Blackie´s Continental Geography Readers" /
260 _aBarcelona :
_bRamón Sopena,
_c1930.
300 _a688 páginas ;
_bilustraciones, mapas, figuras, láminas,
_c22 cm.
440 _aBiblioteca Hispania.
_929511
505 _aContenido: Europa -- Asia -- África -- América -- Oceanía.
650 _aGeografía
_9318
650 _aEuropa
_91221
650 _aAmérica
_91348
700 _aMateos de Diego, Juan (coautor)
_936558
700 _aYarza, Florencio Sebastián (revisión)
_936559
942 _2ddc
_cLIBROS
945 _aachl
_d2019-05-06